[Event "POLFINAL MISTRZOSTW POLSKI JUNIOROW 2018 - C11"]
[Site "Szczyrk"]
[Date "1899-12-30"]
[Round "9.2"]
[White "Karp, Kacper"]
[Black "Jaworski, Tymon"]
[Result "1/2-1/2"]
[WhiteTitle "II+"]
[BlackTitle "II"]
[WhiteElo "1534"]
[BlackElo "1459"]

1. e4 e5 2. Nf3 Nc6 3. Nc3 Nf6 4. a3 Bc5 5. Nxe5 Nxe5 6. d4 Bxd4 7. Qxd4 d6 8.
Bg5 h6 9. Bh4 Be6 10. O-O-O Ng6 11. Bg3 Nh5 12. Bb5+ Bd7 13. Bxd7+ Qxd7 14. Rhe1
Nxg3 15. hxg3 f6 16. f4 Qf7 17. Qa4+ Qd7 18. Qb3 O-O-O 19. e5 fxe5 20. fxe5 Rhe8
21. e6 Qe7 22. Nd5 Qg5+ 23. Kb1 c6 24. Qc3 Kb8 25. Nb4 Ne5 26. Qb3 Ka8 27. Nd3
Qxg3 28. e7 Rc8 29. Nxe5 Qxb3 30. cxb3 dxe5 31. Rxe5 Kb8 32. Kc2 Rc7 33. Rde1
Rd7 34. Kc3 Kc7 35. R1e2 Kd6 36. Re6+ Kc7 37. Kc4 Rd6 38. R6e5 Rd7 39. a4 Kb6
40. b4 a6 41. a5+ Kc7 42. Kc5 Rd1 43. g3 Rd3 44. R2e3 Rd2 45. b3 Rd7 46. Kc4 Kc8
47. R3e4 Kb8 48. Kc3 Kc8 49. g4 Kb8 50. Kc4 Kc8 51. Kc5 Kc7 52. Re3 Rd1 53. R3e4
Rc1+ 54. Kd4 Rc2 1/2-1/2

[Event "POLFINAL MISTRZOSTW POLSKI JUNIOROW 2018 - C11"]
[Site "Szczyrk"]
[Date "1899-12-30"]
[Round "9.3"]
[White "Rylski, Tadeusz"]
[Black "Starosciak, Szymon"]
[Result "0-1"]
[WhiteTitle "II"]
[BlackTitle "II"]
[WhiteElo "1407"]
[BlackElo "1419"]

1. d4 Nf6 2. c4 g6 3. Nc3 Bg7 4. e4 d6 5. f3 O-O 6. Nge2 Nbd7 7. Be3 a6 8. Qd2
c5 9. d5 Ne5 10. Ng3 h5 11. Bd3 Nfd7 12. Bc2 Nxc4 13. Qc1 Nxe3 14. Qxe3 b5 15.
Nge2 Ne5 16. O-O Nc4 17. Qc1 Nxb2 18. Qxb2 b4 19. Rac1 bxc3 20. Nxc3 Qa5 21. Bb3
Rb8 22. Qc2 c4 23. Bxc4 Qc5+ 24. Kh1 Qxc4 25. Qa4 Qxa4 26. Nxa4 Bd7 27. Nc3 Rfc8
28. Nb1 Rxc1 29. Rxc1 Rb2 30. a3 f5 31. h3 fxe4 32. fxe4 Be5 33. Kg1 Kg7 34. Nc3
Rb3 35. Nb1 Bb5 36. Nd2 Rxa3 37. Nf3 Ra1 38. Rxa1 0-1

[Event "POLFINAL MISTRZOSTW POLSKI JUNIOROW 2018 - C11"]
[Site "Szczyrk"]
[Date "1899-12-30"]
[Round "9.4"]
[White "Bochenek, Ryszard"]
[Black "Fojcik, Kacper"]
[Result "1-0"]
[WhiteTitle "II"]
[BlackTitle "III"]
[WhiteElo "1391"]
[BlackElo "1190"]

1. Nf3 Nf6 2. d4 g6 3. g3 Bg7 4. Bg2 d6 5. b3 O-O 6. Bb2 Nc6 7. Nbd2 a6 8. c4 Bf5
9. O-O Re8 10. Re1 Qd7 11. e4 Bg4 12. a3 e5 13. d5 Ne7 14. Qe2 h6 15. Qf1 Nh7
16. h3 Bxf3 17. Bxf3 h5 18. Bg2 c5 19. h4 Qc7 20. f4 f6 21. Bh3 Nf8 22. fxe5 fxe5
23. Qf2 Bh6 24. Nf3 Nc8 25. Rf1 Qg7 26. Bc1 Bxc1 27. Raxc1 Nb6 28. Ng5 Re7 29.
Rc3 Rd8 30. Rf3 Nbd7 31. Be6+ Nxe6 32. Nxe6 Rxe6 33. dxe6 1-0

[Event "POLFINAL MISTRZOSTW POLSKI JUNIOROW 2018 - C11"]
[Site "Szczyrk"]
[Date "1899-12-30"]
[Round "9.5"]
[White "Wolski, Michal"]
[Black "Wieckowski, Michal"]
[Result "1/2-1/2"]
[WhiteTitle "II"]
[BlackTitle "II"]
[WhiteElo "1364"]
[BlackElo "1278"]

1. e4 d5 2. exd5 Nf6 3. d4 Bg4 4. Bb5+ Bd7 5. Bxd7+ Qxd7 6. Nf3 Nxd5 7. O-O e6
8. c4 Nb6 9. Ne5 Qc8 10. Qf3 f6 11. Qh5+ Ke7 12. Ng6+ hxg6 13. Qxh8 Nxc4 14. Nc3
c6 15. b3 Nb6 16. Ba3+ Kf7 17. Ne4 N8d7 18. Bxf8 Qxf8 19. Qxf8+ Kxf8 20. Rfe1
Ke7 21. Re2 Nd5 22. g3 Re8 23. Rae1 Nc7 24. Nc3 Nb6 25. Ne4 Nd7 26. f4 f5 27.
Ng5 Kf6 28. h3 Nb6 29. Nf3 Nbd5 30. Rc1 Na6 31. a3 Re7 32. Ne5 Nac7 33. a4 Na6
34. Nd3 Ndb4 35. Nxb4 Nxb4 36. Rc4 a5 1/2-1/2

[Event "POLFINAL MISTRZOSTW POLSKI JUNIOROW 2018 - C11"]
[Site "Szczyrk"]
[Date "1899-12-30"]
[Round "9.6"]
[White "Grzadka, Artur"]
[Black "Cieply, Krzysztof"]
[Result "1-0"]
[WhiteTitle "II"]
[BlackTitle "II"]
[WhiteElo "1333"]
[BlackElo "1362"]

1. d4 d5 2. c4 e6 3. Nc3 Nf6 4. cxd5 exd5 5. Bg5 Nbd7 6. e3 c6 7. Bd3 Be7 8. Qc2
O-O 9. Nf3 Re8 10. O-O Nf8 11. Rab1 Bg4 12. Ne5 Bh5 13. b4 a6 14. a4 N6d7 15.
Bxe7 Qxe7 16. Nxd7 Qxd7 17. b5 axb5 18. axb5 Qe7 19. bxc6 bxc6 20. Ne2 Rac8 21.
Nf4 Bg4 22. Rfc1 Qf6 23. h3 Bd7 24. Rb6 g6 25. Ba6 Rb8 26. Nxd5 Qd6 27. Rxb8 Rxb8
28. Nf4 c5 29. Bf1 cxd4 30. Rd1 Rc8 31. Qd2 Ne6 32. Nxe6 Bxe6 33. Qxd4 Qxd4 34.
exd4 Rd8 35. f3 Kg7 36. Kf2 Kf6 37. Ke3 h5 38. Bd3 Ke7 39. Be4 Kf6 40. Rd3 Rd6
41. d5 Bd7 42. Kd4 Ra6 43. Rd2 Ke7 44. Re2 Kd6 45. Rc2 Ra3 46. Rc3 Ra5 47. f4
f5 48. Bf3 Ra4+ 49. Ke3 Rb4 50. Rd3 Rb6 51. Kf2 h4 52. Ra3 Rb2+ 53. Ke3 Rb6 54.
Ra8 Rb3+ 55. Kf2 Ke7 56. Rh8 Kf6 57. Rxh4 Kg7 58. g4 Rc3 59. gxf5 Bxf5 60. Bg4
Rd3 61. Bxf5 gxf5 62. Rh5 Rxd5 63. Rg5+ Kh6 64. Kg3 Ra5 65. Kh4 Rb5 66. Kg3 Rb3+
67. Kg2 Rb5 68. Kf2 Ra5 69. h4 Rb5 70. h5 Ra5 71. Kg3 Rb5 72. Kh4 Ra5 73. Rg6+
Kh7 74. Kg5 Ra1 75. Kxf5 Rh1 76. Kg5 Rg1+ 77. Kf6 Ra1 78. f5 Ra6+ 79. Kg5 Ra1
80. h6 Rb1 81. Rg7+ Kh8 82. Rc7 Rg1+ 83. Kf6 Rh1 84. Kg6 Rg1+ 85. Kf7 Rh1 86.
Rc6 Kh7 87. Ke7 Rf1 88. Rf6 Rf2 89. Ke6 Re2+ 90. Kd5 Re1 91. Re6 Rf1 92. Ke5 Re1+
93. Kf6 Rf1 94. Re5 Kxh6 95. Kf7 Ra1 96. f6 Ra6 97. Re6 Ra8 98. Rd6 Rb8 99. Rd7
Kg5 100. Kg7 Rb6 101. f7 Rg6+ 102. Kf8 Kf5 103. Ke8 Re6+ 104. Re7 1-0

[Event "POLFINAL MISTRZOSTW POLSKI JUNIOROW 2018 - C11"]
[Site "Szczyrk"]
[Date "1899-12-30"]
[Round "9.7"]
[White "Wydmanski, Szymon"]
[Black "Klisowski, Bartosz"]
[Result "1-0"]
[WhiteTitle "II"]
[BlackTitle "II"]
[WhiteElo "1225"]
[BlackElo "1334"]

1. e4 c5 2. Nf3 g6 3. d4 cxd4 4. Nxd4 Bg7 5. Be3 Nc6 6. c4 Nf6 7. Nc3 d6 8. Be2
O-O 9. O-O Bd7 10. f3 Nxd4 11. Bxd4 a5 12. b3 Bc6 13. Qd2 Nd7 14. Be3 Nc5 15.
Rac1 Qb6 16. Nd5 Bxd5 17. cxd5 Qb4 18. Kh1 Rfc8 19. Rc2 Qxd2 20. Bxd2 h5 21. Rfc1
Rc7 22. a3 Rd7 23. b4 axb4 24. axb4 Na6 25. Rc8+ Rd8 26. Rxd8+ Rxd8 27. Bxa6 bxa6
28. Rc6 Ra8 29. Kg1 Bd4+ 30. Kf1 Kg7 31. Ke2 Kf8 32. Kd3 Bg1 33. h3 Ke8 34. Kc4
Kd7 35. Kb3 e6 36. Ka4 exd5 37. exd5 Rc8 38. Rxc8 Kxc8 39. Bf4 Kc7 40. Ka5 Bd4
41. Kxa6 f6 42. b5 g5 43. Bd2 Bb6 44. Ba5 Bxa5 45. Kxa5 Kb7 46. g4 h4 47. b6 Kb8
48. Ka6 Ka8 49. b7+ Kb8 50. Kb6 f5 51. gxf5 g4 52. f6 g3 53. f7 g2 54. f8=Q# 1-0

[Event "POLFINAL MISTRZOSTW POLSKI JUNIOROW 2018 - C11"]
[Site "Szczyrk"]
[Date "1899-12-30"]
[Round "9.8"]
[White "Zaborski, Igor"]
[Black "Demski, Michal"]
[Result "0-1"]
[WhiteTitle "II"]
[BlackTitle "I"]
[WhiteElo "1323"]
[BlackElo "1597"]

1. d4 d5 2. c4 dxc4 3. e4 e5 4. d5 c6 5. Bxc4 Nf6 6. Nc3 Bb4 7. Bg5 Qa5 8. Qd3
Bxc3+ 9. Qxc3 Qxc3+ 10. bxc3 Nxe4 11. Bd2 cxd5 12. Bxd5 Nxd2 13. Kxd2 Nc6 14.
Nf3 f6 15. Rhe1 Kd7 16. Rad1 Kc7 17. Kc2 Bf5+ 18. Kb2 Rad8 19. Bc4 Bg4 20. h3
Bxf3 21. gxf3 Rxd1 22. Rxd1 Rd8 23. Bd3 Ne7 24. Kc2 g6 25. Rb1 b6 26. Re1 Nd5
27. Bc4 Nf4 28. h4 h5 29. Rg1 Rd7 30. Bb5 Rg7 31. Bd3 Rd7 32. Bb5 Rg7 33. Bd3
Kd6 34. a4 Ke6 35. a5 Nxd3 36. Kxd3 Kf5 37. axb6 axb6 38. Rb1 Rd7+ 39. Ke3 Rd6
40. c4 Rd4 0-1

[Event "POLFINAL MISTRZOSTW POLSKI JUNIOROW 2018 - C11"]
[Site "Szczyrk"]
[Date "1899-12-30"]
[Round "9.9"]
[White "Kazmierowski, Tymon"]
[Black "Pelka, Maciej"]
[Result "0-1"]
[WhiteTitle "II"]
[BlackTitle "II"]
[WhiteElo "1408"]
[BlackElo "1328"]

1. e4 d5 2. exd5 Qxd5 3. Nc3 Qd6 4. d4 Nf6 5. Bc4 c6 6. Nge2 Bf5 7. Bf4 Qd7 8.
O-O e6 9. Ng3 Bg6 10. f3 Bd6 11. Bxd6 Qxd6 12. Nge4 Nxe4 13. fxe4 Nd7 14. d5 Qc5+
15. Kh1 Qxc4 16. dxe6 Qxe6 17. Qd4 Qe5 18. Qb4 Nb6 19. Rad1 Qe7 20. Qa5 Nc4 21.
Qa4 Nxb2 22. Qd4 Nxd1 23. Qxg7 O-O-O 24. Nxd1 Qxe4 25. h3 Qe2 26. Qf6 Rhg8 27.
Nc3 Qe6 28. Qf2 Qc4 29. Qxa7 Qxf1+ 30. Kh2 Qf4+ 31. Kg1 Qd4+ 0-1

[Event "POLFINAL MISTRZOSTW POLSKI JUNIOROW 2018 - C11"]
[Site "Szczyrk"]
[Date "1899-12-30"]
[Round "9.10"]
[White "Zmuda, Tomasz"]
[Black "Turowski, Maciej"]
[Result "1-0"]
[WhiteTitle "II"]
[BlackTitle "II"]
[WhiteElo "1174"]
[BlackElo "1370"]

1. e4 Nf6 2. e5 Nd5 3. d4 d6 4. c4 Nb6 5. exd6 cxd6 6. Nc3 Nc6 7. Be3 g6 8. b3
Bg7 9. Rc1 O-O 10. Be2 e5 11. d5 Ne7 12. Nf3 Bg4 13. h3 Bxf3 14. Bxf3 f5 15. Bg5
h6 16. Bxe7 Qxe7 17. O-O Qh4 18. Nb5 e4 19. Be2 Be5 20. Nc7 Rac8 21. Ne6 Rf6 22.
b4 f4 23. f3 exf3 24. Bxf3 Nxc4 25. b5 Rxe6 26. dxe6 Qf6 27. Qd3 Qxe6 28. Bd5
Bd4+ 29. Qxd4 Ra8 1-0

[Event "POLFINAL MISTRZOSTW POLSKI JUNIOROW 2018 - C11"]
[Site "Szczyrk"]
[Date "1899-12-30"]
[Round "9.11"]
[White "Duda, Leon"]
[Black "Oklinski, Franciszek"]
[Result "1-0"]
[WhiteTitle "II"]
[BlackTitle "III"]
[WhiteElo "1268"]
[BlackElo "1073"]

1. e4 c5 2. Nf3 e6 3. d4 cxd4 4. Nxd4 Nf6 5. Bd3 Nc6 6. Nxc6 bxc6 7. c4 d5 8. cxd5
cxd5 9. Nc3 Bb4 10. Qa4+ Qd7 11. Qxb4 dxe4 12. Bxe4 Nxe4 13. Qxe4 Bb7 14. Qg4
Rg8 15. O-O Qc6 16. Qa4 Ke7 17. Qxc6 Bxc6 18. Be3 f5 19. Rad1 g5 20. Bc5+ Kf7
21. b4 a6 22. a4 Rac8 23. Rfe1 h5 24. b5 axb5 25. axb5 Bxb5 26. Nxb5 Rxc5 27.
Nd4 Rd8 28. Nf3 Rxd1 29. Rxd1 Kf6 30. h3 g4 31. hxg4 hxg4 32. Nd2 Rd5 33. Kf1
e5 34. Ne4+ Ke6 35. Ng5+ Kd6 36. Rxd5+ Kxd5 37. Ke2 e4 38. Ke3 Ke5 39. g3 Kf6
40. Kf4 Kg6 41. Nxe4 fxe4 42. Kxe4 Kg5 43. Ke5 1-0

[Event "POLFINAL MISTRZOSTW POLSKI JUNIOROW 2018 - C11"]
[Site "Szczyrk"]
[Date "1899-12-30"]
[Round "9.12"]
[White "Rozek, Michal"]
[Black "Jendrowiak, Maciej"]
[Result "1/2-1/2"]
[WhiteTitle "II"]
[BlackTitle "II"]
[WhiteElo "1219"]
[BlackElo "1266"]

1. e4 e5 2. Nf3 Nc6 3. Nc3 Nf6 4. a3 Bc5 5. Nxe5 Nxe5 6. d4 Bxd4 7. Qxd4 Nc6 8.
Qd1 h6 9. Bf4 d6 10. h3 O-O 11. Bd3 Re8 12. O-O Ne5 13. Bxe5 dxe5 14. Qe2 Be6
15. Rad1 Qe7 16. Bc4 c6 17. Bxe6 Qxe6 18. Rd2 Rad8 19. Rfd1 Rxd2 20. Qxd2 Qc4
21. Qd3 Qc5 22. b4 Qe7 23. Qd6 Qxd6 24. Rxd6 Re7 25. f3 Rd7 26. Rxd7 Nxd7 27.
Na4 b5 28. Nb2 Kf8 29. Kf2 Ke7 30. Ke3 Ke6 31. g3 g5 1/2-1/2

[Event "POLFINAL MISTRZOSTW POLSKI JUNIOROW 2018 - C11"]
[Site "Szczyrk"]
[Date "1899-12-30"]
[Round "9.13"]
[White "Kubik, Rafal"]
[Black "Bartoszczuk, Adam"]
[Result "0-1"]
[WhiteTitle "III"]
[BlackTitle "II+"]
[WhiteElo "1264"]
[BlackElo "1255"]

1. d4 d5 2. c4 e6 3. Nc3 Nf6 4. cxd5 Nxd5 5. e4 Nxc3 6. bxc3 Be7 7. Nf3 b6 8. Bd3
Bb7 9. O-O O-O 10. Bb2 Nd7 11. Qc2 c5 12. Rac1 Rc8 13. Qb1 Nf6 14. Rfe1 h6 15.
e5 Nd5 16. Be4 Qd7 17. Red1 Qc7 18. Rd2 Rfd8 19. c4 Nb4 20. a3 Bxe4 21. Qxe4 Na6
22. d5 Qb7 23. Re1 exd5 24. Rxd5 Rxd5 25. cxd5 c4 26. d6 Qxe4 27. Rxe4 Bd8 28.
Re3 Nc5 29. h3 Na4 30. Bc1 c3 31. Nd4 a6 32. e6 fxe6 33. Nxe6 Kf7 34. Nxd8+ Rxd8
35. Re7+ Kf8 36. Bf4 g5 37. Bg3 c2 38. Re1 Nc3 0-1

[Event "POLFINAL MISTRZOSTW POLSKI JUNIOROW 2018 - C11"]
[Site "Szczyrk"]
[Date "1899-12-30"]
[Round "9.14"]
[White "Zimny, Jakub"]
[Black "Palasz, Jakub"]
[Result "1/2-1/2"]
[WhiteTitle "II"]
[BlackTitle "II"]
[WhiteElo "1217"]
[BlackElo "1157"]

1. e4 c5 2. Nf3 d6 3. d4 cxd4 4. Nxd4 Nf6 5. Nc3 g6 6. Be3 Bg7 7. f3 Nc6 8. Qd2
Bd7 9. O-O-O O-O 10. g4 a6 11. h4 Nxd4 12. Bxd4 b5 13. h5 b4 14. Ne2 Qa5 15. Kb1
Be6 16. Nc1 Rfc8 17. Be2 Qc7 18. hxg6 fxg6 19. Bxf6 exf6 20. Bd3 a5 21. Rh2 a4
22. Rdh1 h6 23. Ne2 b3 24. cxb3 a3 25. bxa3 Rxa3 26. Rc1 Qb7 27. Rxc8+ Qxc8 28.
Qb2 Qa8 29. Nc1 f5 30. Qc2 fxg4 31. Bc4 Bxc4 32. Qxc4+ Kh7 33. fxg4 Ra5 34. Nd3
Qa7 35. Rc2 Qg1+ 36. Nc1 Qxg4 37. b4 Re5 38. Re2 1/2-1/2

[Event "POLFINAL MISTRZOSTW POLSKI JUNIOROW 2018 - C11"]
[Site "Szczyrk"]
[Date "1899-12-30"]
[Round "9.15"]
[White "Banaczyk, Piotr"]
[Black "Gromek, Pawel"]
[Result "1/2-1/2"]
[WhiteTitle "II"]
[BlackTitle "II"]
[WhiteElo "1125"]
[BlackElo "1242"]

1. e4 e6 2. d4 d5 3. e5 c5 4. c3 Qb6 5. Nf3 Nc6 6. Bd3 Bd7 7. dxc5 Bxc5 8. O-O
Qc7 9. Re1 Nge7 10. Nbd2 Ng6 11. Nb3 Bb6 12. Qe2 O-O 13. h4 h6 14. Bc2 Rac8 15.
Qd3 Nb4 16. Qe2 Nxc2 17. Qxc2 Qd8 18. h5 Nh4 19. Qe2 Nxf3+ 20. Qxf3 f6 21. Be3
fxe5 22. Bxb6 Qxb6 23. Qe3 Qxe3 24. Rxe3 e4 25. Nd4 e5 26. Ne2 Bc6 27. Rd1 Rf6
28. Ng3 Rcf8 29. Re2 Kh7 30. Rdd2 g6 31. c4 dxc4 32. hxg6+ Kxg6 33. Nxe4 Bxe4
34. Rxe4 b5 35. Rxe5 a6 36. f3 Rc8 37. Re3 Rfc6 38. Rc2 1/2-1/2

[Event "POLFINAL MISTRZOSTW POLSKI JUNIOROW 2018 - C11"]
[Site "Szczyrk"]
[Date "1899-12-30"]
[Round "9.16"]
[White "Wilgosz, Szczepan"]
[Black "Borowik, Karol"]
[Result "1-0"]
[WhiteTitle "II"]
[BlackTitle "II"]
[WhiteElo "1092"]
[BlackElo "1177"]

1. e4 c5 2. Nf3 Nc6 3. d4 cxd4 4. Nxd4 Nf6 5. Nc3 g6 6. Be3 Bg7 7. f3 a6 8. Qd2
O-O 9. O-O-O d6 10. Bc4 Ne5 11. Bb3 Bd7 12. h4 h5 13. g4 b5 14. Nd5 hxg4 15. Nxf6+
Bxf6 16. h5 e6 17. hxg6 Nxg6 18. Qh2 Nh4 19. Bf2 e5 20. Nf5 Bxf5 21. exf5 Kg7
22. Bxh4 Bxh4 23. Qxh4 Qxh4 24. Rxh4 gxf3 25. Rxd6 f2 26. Rd1 Kf6 27. Rf1 Kxf5
28. Rxf2+ Kg5 29. Re4 f6 30. Be6 Rae8 31. Rg2+ Kh5 32. Re1 Rxe6 33. Rh1# 1-0

[Event "POLFINAL MISTRZOSTW POLSKI JUNIOROW 2018 - C11"]
[Site "Szczyrk"]
[Date "1899-12-30"]
[Round "9.17"]
[White "Jakubiec, Maurycy"]
[Black "Nagly, Wojciech"]
[Result "0-1"]
[WhiteTitle "IV"]
[BlackTitle "II"]
[WhiteElo "1016"]
[BlackElo "1116"]

1. c4 e5 2. Nc3 Nf6 3. g3 Bc5 4. Bg2 c6 5. Nf3 e4 6. Ng5 d5 7. b3 Bb6 8. Bb2 Ng4
9. Nh3 Qf6 10. e3 Ne5 11. cxd5 Bxh3 12. Nxe4 Nd3+ 13. Ke2 Qxb2 14. Bxh3 Nc5 15.
Nc3 O-O 16. dxc6 Nxc6 17. Bg2 Ba5 18. Nd5 Rfd8 19. Rb1 Qxa2 20. b4 Nxb4 21. Nxb4
Bxb4 22. Rxb4 Nd3 23. Rb3 Nxf2 24. Qb1 Rxd2+ 25. Kf3 Nxh1 26. Bxh1 Qxb1 27. Rxb1
b6 28. Kg4 Re8 29. Rc1 g6 30. Rc7 a5 31. Rb7 Rb2 32. Bd5 Rf8 33. Kg5 Rb5 34. e4
Rd8 35. Kh6 Rf8 36. Bxf7+ Rxf7 37. Rb8+ Rf8 38. Rxf8+ Kxf8 39. Kxh7 g5 40. Kg6
0-1

[Event "POLFINAL MISTRZOSTW POLSKI JUNIOROW 2018 - C11"]
[Site "Szczyrk"]
[Date "1899-12-30"]
[Round "9.18"]
[White "Guzik, Michal"]
[Black "Gradzki, Artur"]
[Result "0-1"]
[WhiteTitle "II"]
[BlackTitle "II"]
[WhiteElo "1117"]
[BlackElo "1157"]

1. e4 e5 2. Nf3 Nc6 3. Bc4 Bc5 4. b4 Bxb4 5. c3 Ba5 6. d4 exd4 7. O-O Nge7 8. Ng5
d5 9. exd5 Nxd5 10. Qf3 Be6 11. Re1 O-O 12. Ba3 Re8 13. Qh5 h6 14. Rxe6 Qxg5 15.
Qxg5 hxg5 16. Rxe8+ Rxe8 17. Bb2 Re1+ 18. Bf1 dxc3 19. Nxc3 Rxa1 20. Nxd5 Rxa2
21. Bc1 f6 0-1

[Event "POLFINAL MISTRZOSTW POLSKI JUNIOROW 2018 - C11"]
[Site "Szczyrk"]
[Date "1899-12-30"]
[Round "9.19"]
[White "Goral, Antoni"]
[Black "Michno, Mateusz"]
[Result "1-0"]
[WhiteTitle "II"]
[BlackTitle "III"]
[WhiteElo "1011"]
[BlackElo "1138"]

1. d4 Nf6 2. Nf3 g6 3. Bg5 Bg7 4. Nbd2 O-O 5. e4 c6 6. c3 d6 7. Be2 Re8 8. e5 Nfd7
9. exd6 Nf6 10. dxe7 Qxe7 11. Ne5 Bf5 12. O-O Nbd7 13. Ndf3 Rad8 14. Qc1 Nxe5
15. dxe5 h6 16. Bxf6 Bxf6 17. exf6 Qxe2 18. Qxh6 1-0